Interferències : context local > espais reals : projectes / direcció [i coordinació]: Maia Creus context local > espais reals :
Descripción Física:
[123] p. : il.; 25 cm
MARC
| LEADER | 00000nam a2200000Ia 4500 | ||
|---|---|---|---|
| 001 | 23040 | ||
| 008 | 160829s2003 xx 000 0 cat d | ||
| 080 | |a B-2-237 | ||
| 245 | |a Interferències : |b context local > espais reals : |b projectes / direcció [i coordinació]: |b Maia Creus | ||
| 260 | |a Barcelona : |b Visions de futur, |c 2003 | ||
| 300 | |a [123] p. : |b il.; |c 25 cm | ||
| 590 | |a Bibliografia. | ||
| 590 | |a Catàleg del Certamen d'Art Contemporani Visions de Futur 2002, que reuneix exposicions i altres activitats a 31 centres d'art de Catalunya | ||
| 650 | |a Art modern |x Catalunya |x S. XX |x Exposicions |9 39989 | ||
| 700 | |a Creus, Maia, dir. |9 39990 | ||
| 700 | |a Visions de Futur (3r : 2002) |9 39991 | ||
| 901 | |a Arxiu | ||
| 942 | |n 1 | ||
| 952 | |0 0 |1 0 |4 0 |6 B2237 |7 1 |9 49332 |a Arxiu |b Arxiu |d 2016-12-01 |l 0 |o B-2-237 |p 23040 |r 2016-12-01 00:00:00 |w 2016-12-01 |y ARXIU | ||
| 999 | |c 53174 |d 53174 | ||